| 000 | 00634nam a2200217 a 4500 | ||
|---|---|---|---|
| 001 | 589 | ||
| 003 | CDMR | ||
| 005 | 20131204104137.0 | ||
| 008 | 130130r19831984||||||||||||||||||||||||d | ||
| 040 |
_aCDMR _bcat _cCDMR |
||
| 100 | 1 |
_aReyes, Alberto _9437 |
|
| 245 | 1 | 0 |
_aCorresponsales de guerra _b: testimonio de cien días de sangre, fuego y victorias _cAlberto Reyes |
| 250 | _a2a ed. | ||
| 260 |
_aManagua _c1984 _bNuevo Amanecer |
||
| 300 | _a189 p. | ||
| 490 | 0 | _aBarricada | |
| 650 | 0 | 4 |
_92560 _aCorresponsals de guerra _vRelats personals |
| 650 | 0 | 4 |
_91270 _aFotoperiodisme |
| 650 | 0 | 4 |
_94205 _aFotografia de guerra |
| 942 |
_cMON _2udc |
||
| 999 |
_c589 _d589 |
||